Gedächtnis und Kognition
| Main Author: | |
|---|---|
| Contributors: | |
| Format: | Print Book |
| Language: | German |
| Published: |
Berlin Heidelberg [u.a.]
Springer
1982
|
| In: | Year: 1982 |
| Online Access: |
Cover Cover Table of Contents |
| Availability in Tübingen: | Present in Tübingen. IFK: N II 109 |
| Check availability: | HBZ Gateway |
| Subito Delivery Service: | Order now. |
| Keywords: |
MARC
| LEADER | 00000cam a2200000 c 4500 | ||
|---|---|---|---|
| 001 | 027398048 | ||
| 003 | DE-627 | ||
| 005 | 20260206203213.0 | ||
| 007 | tu | ||
| 008 | 710101s1982 gw ||||| 00| ||ger c | ||
| 015 | |a 82,N10,0037 |2 dnb | ||
| 015 | |a 82,A33,0190 |2 dnb | ||
| 016 | 7 | |a 820303658 |2 DE-101 | |
| 020 | |a 9783642683978 |c (softcover) |9 978-3-642-68397-8 | ||
| 020 | |a 3540112413 |9 3-540-11241-3 | ||
| 020 | |a 0387112413 |9 0-387-11241-3 | ||
| 024 | 3 | |a 9783642683978 | |
| 035 | |a (DE-627)027398048 | ||
| 035 | |a (DE-603)012821349 | ||
| 035 | |a (DE-576)008739323 | ||
| 035 | |a (DE-599)GBV027398048 | ||
| 035 | |a (OCoLC)251436838 | ||
| 035 | |a (OCoLC)64179086 | ||
| 035 | |a (AT-OBV)AC00293872 | ||
| 035 | |a (DE-604)8000771716 | ||
| 040 | |a DE-627 |b ger |c DE-627 |e rakwb | ||
| 041 | |a ger | ||
| 044 | |c XA-DE |c XD-US | ||
| 084 | |a 11 |2 sdnb | ||
| 084 | |a CP 4400 |2 rvk |0 (DE-625)rvk/18988: | ||
| 084 | |a CP 5000 |2 rvk |0 (DE-625)rvk/18991: | ||
| 084 | |a CP 4000 |2 rvk |0 (DE-625)rvk/18984: | ||
| 084 | |a 77.34 |2 bkl | ||
| 084 | |a 77.31 |2 bkl | ||
| 100 | 1 | |a Kintsch, Walter |d 1932-2023 |0 (DE-588)11928409X |0 (DE-627)080089615 |0 (DE-576)211918504 |4 aut | |
| 109 | |a Kintsch, Walter 1932-2023 | ||
| 240 | 1 | 0 | |a Memory and cognition <dt.> |
| 245 | 1 | 0 | |a Gedächtnis und Kognition |c W. Kintsch. Übers. von Angelika Albert |
| 246 | 3 | 0 | |a Gedächtnis |
| 264 | 1 | |a Berlin |a Heidelberg [u.a.] |b Springer |c 1982 | |
| 300 | |a X, 411 S. |b graph. Darst. |c 25 cm | ||
| 336 | |a Text |b txt |2 rdacontent | ||
| 337 | |a ohne Hilfsmittel zu benutzen |b n |2 rdamedia | ||
| 338 | |a Band |b nc |2 rdacarrier | ||
| 500 | |a Literaturverz. S. 379 - 397 | ||
| 505 | 8 | |a Literaturverz. S. 379 - 397 | |
| 583 | 1 | |a Archivierung/Langzeitarchivierung gewährleistet |f PEBW |x XA-DE-BW |2 pdager |5 DE-31 | |
| 650 | 0 | |a Memory | |
| 650 | 0 | |a Cognition | |
| 650 | 4 | |a Lerntheorie | |
| 650 | 4 | |a Problemlösen | |
| 650 | 4 | |a Gedächtnis | |
| 650 | 4 | |a Lernen | |
| 650 | 4 | |a Lernen, Kurzzeitgedächtnis, Prozess | |
| 655 | 7 | |a Einführung |0 (DE-588)4151278-9 |0 (DE-627)104450460 |0 (DE-576)209786884 |2 gnd-content | |
| 689 | 0 | 0 | |d s |0 (DE-588)4019614-8 |0 (DE-627)106320807 |0 (DE-576)208930167 |a Gedächtnis |2 gnd |
| 689 | 0 | 1 | |d s |0 (DE-588)4035408-8 |0 (DE-627)106247867 |0 (DE-576)20901248X |a Lernen |2 gnd |
| 689 | 0 | |5 DE-101 | |
| 689 | 1 | 0 | |d s |0 (DE-588)4140177-3 |0 (DE-627)105629782 |0 (DE-576)209700602 |a Kognitiver Prozess |2 gnd |
| 689 | 1 | |5 DE-101 | |
| 689 | 2 | 0 | |d s |0 (DE-588)4074166-7 |0 (DE-627)106090550 |0 (DE-576)209192763 |a Lernpsychologie |2 gnd |
| 689 | 2 | |5 (DE-627) | |
| 689 | 3 | 0 | |d s |0 (DE-588)4073586-2 |0 (DE-627)106092022 |0 (DE-576)209190922 |a Kognitive Psychologie |2 gnd |
| 689 | 3 | |5 (DE-627) | |
| 689 | 4 | 0 | |d s |0 (DE-588)4047704-6 |0 (DE-627)106193821 |0 (DE-576)209074426 |a Psychologie |2 gnd |
| 689 | 4 | |5 (DE-627) | |
| 689 | 5 | 0 | |d s |0 (DE-588)4031630-0 |0 (DE-627)104799021 |0 (DE-576)208993614 |a Kognition |2 gnd |
| 689 | 5 | |5 (DE-627) | |
| 700 | 1 | |a Albert, Angelika |e Übers. |4 oth | |
| 700 | 1 | 2 | |a Kintsch, Walter |d 1932-2023 |t Memory and cognition <dt.> |
| 776 | 1 | |z 9783642683961 | |
| 856 | 4 | 2 | |u https://swbplus.bsz-bw.de/bsz008739323cov.jpg |m V:DE-576 |m X:springer |q image/jpeg |v 20150922163647 |3 Cover |7 1 |
| 856 | 4 | 2 | |u http://scans.hebis.de/HEBCGI/show.pl?01282134_toc.pdf |m V:DE-603;B:DE-17 |q application/pdf |3 Inhaltsverzeichnis |7 1 |
| 856 | 4 | 2 | |u http://scans.hebis.de/HEBCGI/show.pl?01282134_cov.jpg |m V:DE-576;X:springer |q image/jpeg |3 Cover |7 1 |
| 889 | |w (DE-627)423033492 | ||
| 935 | |i mdedup | ||
| 935 | |i Blocktest | ||
| 935 | |h HEB |i 0501 | ||
| 935 | |h HEB |i 0503 | ||
| 936 | r | v | |a CP 4400 |b Gedächtnis |k Psychologie |k Allgemeine Psychologie |k Gedächtnis |0 (DE-627)1270708775 |0 (DE-625)rvk/18988: |0 (DE-576)200708775 |
| 936 | r | v | |a CP 5000 |b Lernen und Gedächtnis |k Psychologie |k Allgemeine Psychologie |k Lernen und Gedächtnis |0 (DE-627)1271471078 |0 (DE-625)rvk/18991: |0 (DE-576)201471078 |
| 936 | r | v | |a CP 4000 |b Kognitive Prozesse (Denken, Urteil, Problemlösen, Begriffsbildung, Assoziation) |k Psychologie |k Allgemeine Psychologie |k Kognitive Prozesse (Denken, Urteil, Problemlösen, Begriffsbildung, Assoziation) |0 (DE-627)1271169363 |0 (DE-625)rvk/18984: |0 (DE-576)201169363 |
| 936 | b | k | |a 77.34 |j Lernpsychologie |0 (DE-627)106408348 |
| 936 | b | k | |a 77.31 |j Kognition |0 (DE-627)106413031 |
| 936 | s | n | |a c200 |2 mzub |
| 951 | |a BO | ||
| ELC | |b 1 | ||
| LOK | |0 000 xxxxxcx a22 zn 4500 | ||
| LOK | |0 001 3175072720 | ||
| LOK | |0 003 DE-627 | ||
| LOK | |0 004 027398048 | ||
| LOK | |0 005 20140627085834 | ||
| LOK | |0 008 930125||||||||||||||||ger||||||| | ||
| LOK | |0 040 |a DE-21-110 |c DE-627 |d DE-21-110 | ||
| LOK | |0 689 |a s |a Kognition | ||
| LOK | |0 852 |a DE-21-110 | ||
| LOK | |0 852 1 |c N II 109 |m p |9 00 | ||
| LOK | |0 935 |a k110 | ||
| LOK | |0 936ln |a 8.7.5 | ||
| LOK | |0 938 |k p | ||
| LOK | |0 939 |a 25-01-93 |b l01 | ||
| ORI | |a SA-MARC-krimdoka001.raw | ||
| SIG | |a IFK: N II 109 | ||
